000 00779nam a2200241Ia 4500
003 GCL
008 140319s9999 xx 000 0 ara d
040 _aGCL /
_cGCL
082 0 4 _a956.7
_bع س
100 1 _aعبدالجبار داود البصرى
245 1 0 _aالسياسة الثقافية فى العراق /
_cعبدالجبار داود البصرى
300 _a44 ص
490 _aكتاب
_v0
650 0 4 _aالموسيقى
650 0 4 _aالثقافة
650 0 4 _aالانثربولوجيا
650 0 4 _aالسينما
650 0 4 _aالفنون التشكيلية
650 0 4 _aالاجتماع، علم
650 0 4 _aالانثربولوجيا الثقافية
650 0 4 _aالعراق - تاريخ - العصر الحديث
942 _2ddc
_cBK
999 _c42848
_d42848